000
00206nam a22000857a 4500
008
160708b xxu||||| |||| 00| 0 eng d
100
_9
2455
_a
Om Kidz
245
_a
Bhagat Singh
260
_a
New Delhi
_b
Om Kidz
_c
2012
999
_c
2126
_d
2126